000 00542nam a2200217 a 4500
005 20140414131859.0
008 040126s19uu xx 00 eng d
020 _a962-578-246-x
050 _aFil 499.211
_bW65 1996
100 _aWolf, Tony
245 _aNakalarawang talasalitaan sa ingles /
_cTony Wolf.
260 _aCanada :
_bTormont,
_c1996.
300 _a110 p. ; cm.
650 _aDictionary
_xPilipino.
999 _c110578
_d110578